| 000 | 00900nam a22002657a 4500 | ||
|---|---|---|---|
| 005 | 20170124110202.0 | ||
| 010 | _aB-160866 | ||
| 020 |
_a9798170999484 _c350.00 |
||
| 035 | _aB-160866 | ||
| 037 | _bCen Lib/Ret | ||
| 040 |
_aDPL _bEN |
||
| 082 |
_a025.52 _bRAT |
||
| 100 |
_aRatan Kumar Khan _936348 |
||
| 245 |
_aReforming reference : _cby Ratan Kumar Khan, Bhubaneswar Chakrabarti [and] Swapna Banerjee _bguidelines for librarian / |
||
| 246 | _b | ||
| 260 |
_bMittal Publications _c2004 _aNew Delhi |
||
| 270 |
_aA-110, Mohan Garden _bNew Delhi _e110059 |
||
| 300 |
_ax,136p. _c22cm(Hb) |
||
| 500 | _aIncludes bibliographical references and index | ||
| 650 |
_aReference services (Libraries) _z _936349 |
||
| 650 |
_aInformation services _93087 |
||
| 700 |
_aChakrabarti, Bhubaneswar _91802 |
||
| 700 |
_aBanerjee, Swapna _936350 |
||
| 942 |
_2ddc _cEN _h025.52 _mRAT |
||
| 999 |
_c132972 _d132972 |
||